=LDR 00000nam 2200000 4500 =001 INLIS000000000043297 =005 20131008103040 =008 ***********************************ind** =035 ##$$0010-101300000001219 =041 ##$$a ind =082 ##$$a 620.004 4 =090 ##$$a 620.004 4, Sri i =100 ##$$a Sri Widharto =245 ##$$a Inspeksi teknik, Sri Widharto =260 ##$$a 2004 $b Jakarta =300 ##$$a 5 jild, ilus, 23 cm =650 ##$$a INSPEKSI TEKNIK =850 ##$$a NBPNMAT